000 00771 a2200265 4500
003 OSt
005 20180116192351.0
008 120601t xxu||||| |||| 00| 0 eng d
010 _a 99214641
020 _a0714838179
020 _a9780714838175
035 _a(OCoLC)41477403
040 _c0
082 _a701
100 1 _aPawson, John,
_93563
245 1 0 _aMinimum /
_cJohn Pawson.
250 _a[Pocket ed.].
260 _aLondon :
_bPhaidon Press,
_c1998.
300 _a325 p. (some folded) :
_bchiefly ill. (some col.) ;
_c17 cm.
650 0 _aClassicism in art.
_93564
650 0 _aSimplicity in art.
_93565
650 0 _aSimplicity.
_93566
942 _aSADA
_cBK
_k701 PAW 1998
_2ddc
999 _c352933
_d352933